Statistics for Countries with the Most Hindus

Click here to take the quiz!

General Stats

  • This quiz has been taken 40 times
  • The average score is 15 of 20

Answer Stats

HintCountry% Correct
957.6MIndia
97%
79.8%India
97%
1.5MUnited States
97%
21.4MNepal
95%
81.3%Nepal
95%
2.6MPakistan
89%
14.3MBangladesh
87%
4.0MIndonesia
87%
2.6MSri Lanka
87%
12.6%Sri Lanka
87%
1.7MMalaysia
82%
25.0%Bhutan
79%
27.9%Fiji
58%
48.5%Mauritius
58%
1.2MUnited Arab Emirates
58%
15.0%United Arab Emirates
58%
0.7MSouth Africa
50%
18.2%Trinidad and Tobago
45%
24.8%Guyana
42%
22.3%Suriname
39%

Score Distribution

Percentile by Number Answered

Percent of People with Each Score

Your Score History

You have not taken this quiz